| 000 | 00483cam a2200205ua 4500 | ||
|---|---|---|---|
| 001 | 9201 | ||
| 008 | 150224n ii |||gr||||Z||||||eng | ||
| 020 | _a9788123752051 | ||
| 040 | _cMAIN | ||
| 041 | _aeng | ||
| 082 | _a520 | ||
| 100 |
_aRajan, M. S, _eAuthor., |
||
| 245 |
_aSpace today _cBy Mohan Sundara Rajan |
||
| 250 | _a5th rev. | ||
| 260 |
_aNew Delhi: _bNational, _c2008. |
||
| 300 | _axv,378p. | ||
| 653 | _aAstronomy & allied scie~ces | ||
| 653 | _aSpace | ||
| 942 | _cBK | ||
| 999 |
_c8271 _d8271 |
||